00406pab a2200145 454500008004000000100001900040245005200059260000900111300001500120362001100135650002800146650003000174650002200204773003400226180718b2006 xxu||||| |||| 00| 0 eng d aHirway, Indira aWhere is gender in Eleventh Plan approach paper c2006 ap.3464-466 a12 Aug aEleventh Five Year Plan aEconomic planning - India aEconomic planning aEconomic and Political Weekly